Poistný obzor pod správou Česko-Slovenskej asociácie poisťovní.

Poistný trh v Českej a Slovenskej republike. Rast podielu nových poisťovní na trhu ČR a SR od roku 1991. 70 rokov pôsobenia časopisu Pojistný obzor. Dôsledky ustanovenia Česko-Slovenskej asociácie poisťovní a dopad na samotný časopis Pojistný obzor.

Gespeichert in:
Bibliographische Detailangaben
1. Verfasser: Chovan, Pavel
Format: Buchkapitel
Sprache:Slowakisch
Schlagworte:
Tags: Tag hinzufügen
Keine Tags, Fügen Sie das erste Tag hinzu!

MARC

LEADER 00000naa a2200000 4500
001 r012075
005 20220826093854.8
041 0 |a slo 
044 |a CZ 
245 1 0 |a Poistný obzor pod správou Česko-Slovenskej asociácie poisťovní.  |c P. Chovan 
520 |a Poistný trh v Českej a Slovenskej republike. Rast podielu nových poisťovní na trhu ČR a SR od roku 1991. 70 rokov pôsobenia časopisu Pojistný obzor. Dôsledky ustanovenia Česko-Slovenskej asociácie poisťovní a dopad na samotný časopis Pojistný obzor. 
610 2 0 |a Pojistný obzor 
610 2 0 |a časopisy 
610 2 0 |a Česko-Slovenská asociácia poisťovní 
610 2 0 |a poisťovníctvo 
610 2 0 |a trh poistný 
100 1 |a Chovan, Pavel